00351pab a2200133 454500008004000000100001800040245002500058260000900083300001300092362001100105650003900116650002800155773003400183180718b2015 xxu||||| |||| 00| 0 eng d aSarwar, Beena aUnsilencing Pakistan c2015 ap.19-21. a16 May aPakistan - Politics and government aPolitics and government aEconomic and Political Weekly